Linguistic provinces and the future of Bombay (Record no. 374857)

000 -LEADER
fixed length control field 00376cam a22001217a 4500
008 - FIXED-LENGTH DATA ELEMENTS--GENERAL INFORMATION
fixed length control field 180718b1948 xxu||||| |||| 00| 0 eng d
082 ## - DEWEY DECIMAL CLASSIFICATION NUMBER
Classification number B813x54 M927
100 ## - MAIN ENTRY--PERSONAL NAME
Personal name Munshi, K.M.
245 ## - TITLE STATEMENT
Title Linguistic provinces and the future of Bombay
Statement of responsibility, etc. by K.M. Munshi
260 ## - PUBLICATION, DISTRIBUTION, ETC.
Place of publication, distribution, etc. Bombay
Name of publisher, distributor, etc. National Information and Publications
Date of publication, distribution, etc. 1948
300 ## - PHYSICAL DESCRIPTION
Extent 62p.
650 ## - SUBJECT ADDED ENTRY--TOPICAL TERM
Topical term or geographic name entry element Boundaries, State - India
Holdings
Withdrawn status Lost status Damaged status Not for loan Permanent Location Current Location Date acquired Full call number Barcode Date last seen Price effective from Koha item type
        Indian Institute of Public Administration Indian Institute of Public Administration 1994-06-30 B813x54 M927 12690 2018-07-21 2018-07-21 Book

Powered by Koha